000
00220 a2200097 4500
001
38248
100
_a
Ziring Lawrena
245
_a
Pakistan in the 20th century
260
_a
Karachi
_b
OUP
_c
1997
090
_c
24306
_d
24306
942
_a
NUST-CAE
_c
M
_c
15899
999
_c
273321
_d
273321